ბათუმის შოთა რუსთაველის სახელმწიფო უნივერსიტეტის ბიბლიოთეკა

Введение в дифференциальную геометрию "в целом (ბიბ.ჩანაწერი № 47980)

000 -LEADER
fixed length control field 00814nam a2200217Ia 4500
001 - CONTROL NUMBER
control field 14858
003 - CONTROL NUMBER IDENTIFIER
control field GE_BSU
008 - FIXED-LENGTH DATA ELEMENTS--GENERAL INFORMATION
fixed length control field 181216s||||||||xx |||||||||||||| ||und||
040 ## - CATALOGING SOURCE
Transcribing agency GE_BSU
080 ## - UNIVERSAL DECIMAL CLASSIFICATION NUMBER
Universal Decimal Classification number 514.77(075.8)
100 ## - MAIN ENTRY--PERSONAL NAME
Personal name Бакельман, И. Я., Вернер, А.Л., Кантор, Б.Е.
245 ## - TITLE STATEMENT
Title Введение в дифференциальную геометрию "в целом
245 ## - TITLE STATEMENT
Remainder of title Учебное пособие для студ.-заочн. физ-мат.фак-ов пед. ин-тов
245 ## - TITLE STATEMENT
Statement of responsibility, etc. Ред.С.А.Юзвинский В.В. Донченко
260 ## - PUBLICATION, DISTRIBUTION, ETC.
Place of publication, distribution, etc. Москва
260 ## - PUBLICATION, DISTRIBUTION, ETC.
Name of publisher, distributor, etc. Наука
260 ## - PUBLICATION, DISTRIBUTION, ETC.
Date of publication, distribution, etc. 1973
300 ## - PHYSICAL DESCRIPTION
Extent 439стр.22см.
653 ## - INDEX TERM--UNCONTROLLED
Uncontrolled term Введение в дифференциальную геометрию в"целом
942 ## - ADDED ENTRY ELEMENTS (KOHA)
Koha item type წიგნი
ეგზემპლარები
Withdrawn status Lost status Damaged status Not for loan Date acquired Barcode Date last seen Price effective from Koha item type
        2018-12-17 15544 2018-12-17 2018-12-17 წიგნი
        2018-12-17 17678 2018-12-17 2018-12-17 წიგნი
        2018-12-17 17719 2018-12-17 2018-12-17 წიგნი